Allgemeinwissen Richtig oder Falsch #2 - Statistiken

Allgemein
  • Dieses Quiz wurde 347 mal gespielt
  • Das Durchschnittsergebnis liegt bei 14 aus 18
Antwortstatistiken
Frage Antwort % Korrekt
Malaria wird von Mücken verbreitet. Richtig
96%
Der Verzehr von Schweinefleisch ist nach den islamischen Speisegesetzen verboten. Richtig
96%
Der Mount Everest ist ein Vulkan. Falsch
94%
Karamell wird aus erhitztem Zucker hergestellt. Richtig
94%
Der durchschnittliche Mann hat weniger Körperfett als die durchschnittliche Frau. Richtig
93%
Die Flagge Griechenlands hat zwei Farben: Blau und weiß. Richtig
91%
Es ist möglich, synthetische Diamantsteine herzustellen. Richtig
89%
Die Popsängerin Maradonna ist in England geboren. Falsch
87%
An einem klaren Tag ist es möglich, England von Frankreich aus zu sehen. Richtig
87%
Enya ist eine Heavy-Metal-Band Falsch
83%
Das spanische Wort für Hut ist "sombrero". Richtig
76%
Computerchips werden im Allgemeinen aus Silizium hergestellt. Richtig
74%
Die Vereinigten Staaten stoßen mehr CO2 aus als irgendein anderes Land. Falsch
67%
Elefanten sind gute Schwimmer. Richtig
57%
Mandarin und Kantonesisch sind gegenseitig verstehbar. Falsch
56%
Wenn Sie ein Paar Würfel werfen, ist jedes mögliche Ergebnis von 2 bis 12 gleich wahrscheinlich. Falsch
52%
Truthähne sind in der Lage, für kurze Zeit zu fliegen, zum Beispiel auf ein Dach. Richtig
48%
Dem Buddhismus zufolge verschwindet der Körper eines Menschen, sobald er das "Nirwana" erreicht hat, und seine Seele steigt in den Himmel auf. Falsch
35%
Keine übereinstimmenden Quizze gefunden
Verteilung der Resultate
Anzahl Personen mit jedem Resultat
Perzentil nach korrekt beantworteten Fragen
Ihre Resultats-Entwicklung
Sie haben dieses Quiz noch nicht gespielt